Geological research in Kentucky. (Record no. 26307)

MARC details
000 -LEADER
fixed length control field 01120cam a22002531 4500
001 - CONTROL NUMBER
control field gs 24000083
003 - CONTROL NUMBER IDENTIFIER
control field DLC
005 - DATE AND TIME OF LATEST TRANSACTION
control field 20260227111328.0
008 - FIXED-LENGTH DATA ELEMENTS--GENERAL INFORMATION
fixed length control field 740719s1923 kyuabc b s000 0 eng c
010 ## - LIBRARY OF CONGRESS CONTROL NUMBER
LC control number gs 24000083
035 ## - SYSTEM CONTROL NUMBER
System control number (OCoLC)951606
040 ## - CATALOGING SOURCE
Original cataloging agency U.S. Geol. Survey. Library
Transcribing agency DeU
Modifying agency OCoLC
-- DLC
042 ## - AUTHENTICATION CODE
Authentication code premarc
050 00 - LIBRARY OF CONGRESS CALL NUMBER
Classification number QE115
Item number .J51362
100 1# - MAIN ENTRY--PERSONAL NAME
Personal name Jillson, Willard Rouse,
Dates associated with a name 1890-
245 10 - TITLE STATEMENT
Title Geological research in Kentucky.
Remainder of title A summary account of the several geological surveys of Kentucky, including a complete list of their publications and a general bibliography of 806 titles pertaining to Kentucky geology,
Statement of responsibility, etc. by Willard Rouse Jillson ... Ten illustrations and maps ...
260 ## - PUBLICATION, DISTRIBUTION, ETC.
Place of publication, distribution, etc. Frankfort, Ky.,
Name of publisher, distributor, etc. The Kentucky Geological Survey,
Date of publication, distribution, etc. 1923.
300 ## - PHYSICAL DESCRIPTION
Extent 6 p. l., 228 p.
Other physical details ports., fold. maps, tables.
Dimensions 24 cm.
490 0# - SERIES STATEMENT
Series statement Kentucky. Geological survey 1920-1932. Ser. VI [Geologic reports]
Volume/sequential designation v. 15
500 ## - GENERAL NOTE
General note "First edition, 500 copies."
504 ## - BIBLIOGRAPHY, ETC. NOTE
Bibliography, etc. note "Bibliography of Kentucky geology": p. [85]-148.
650 #0 - SUBJECT ADDED ENTRY--TOPICAL TERM
Topical term or geographic name entry element Geology
Geographic subdivision Kentucky.
650 #0 - SUBJECT ADDED ENTRY--TOPICAL TERM
Topical term or geographic name entry element Geology
Geographic subdivision Kentucky
Form subdivision Bibliography.

No items available.

Powered by Koha